| 000 | 00369nam a2200145Ia 4500 | ||
|---|---|---|---|
| 008 | 230503s9999 xx 000 0 und d | ||
| 020 | _a9780141035482 | ||
| 082 |
_a332 _bFERA |
||
| 100 | _aFERGUSON,Niall | ||
| 245 | 0 | _aAscent of money : a financial history of the world | |
| 260 |
_aLondon _bPenguin books _c2009 |
||
| 300 | _a441 | ||
| 650 | _aeconomics | ||
| 942 | _cBK | ||
| 999 |
_c2352 _d2352 |
||